000
00257nam a2200109Ia 4500
008
190914s9999||||xx |||||||||||||| ||und||
100
_a
Leon G.Schiffman
245
0
_a
Consumer Behavior
260
_a
New Delhi
_b
Prentice
_c
1992
300
_a
482
942
_c
BK
999
_c
8785
_d
8785